00261 a2200109 4500001000700000040003500007100002000042240003900062245003400101300000700135362000900142156196 cEscola São Tomás de Aquino aLARREULA, Enric10aAs memórias da Bruxa Onildalpor10aAs memórias da Bruxa Onilda a300 a2006